[Event "Open de Provence 2015 B"]
[Site "Salon de Provence"]
[Date "2015.07.04"]
[Round "8.3"]
[White "Mautret-Godard, Titouan"]
[Black "Graells, Christian"]
[Result "0-1"]
[WhiteElo "1462"]
[BlackElo "1491"]
[PlyCount "64"]
[EventDate "2015.??.??"]

1. d4 d5 2. c4 Nf6 3. Nc3 e6 4. Bf4 a6 5. e3 Be7 6. Nf3 O-O 7. Bd3 c6 8. Be5
Nbd7 9. Ng5 Nxe5 10. dxe5 Ne4 11. Bxe4 Bxg5 12. h4 Bh6 13. cxd5 exd5 14. Bd3 f5
15. f4 Be6 16. Be2 Qb6 17. Qd2 Rad8 18. Na4 Qa7 19. Rd1 b5 20. Nc3 c5 21. Bf3
d4 22. exd4 Rxd4 23. Qe2 Bxf4 24. Bd5 Bg3+ 25. Kf1 Rf4+ 26. Bf3 Bc4 27. Rd3
Bxd3 28. Qxd3 c4 29. Qd2 Qc5 30. Rh3 Bxh4 31. Nd5 Rd4 32. Qe2 Rd1+ 0-1

[Event "Open de Provence 2015 B"]
[Site "Salon de Provence"]
[Date "2015.07.04"]
[Round "8.4"]
[White "Courtois, Jean-Baptiste"]
[Black "Amoros, Jean"]
[Result "1-0"]
[WhiteElo "1690"]
[BlackElo "1437"]
[PlyCount "73"]
[EventDate "2015.??.??"]

1. e4 d5 2. exd5 Nf6 3. c4 e6 4. dxe6 Bxe6 5. Be2 Bc5 6. Nf3 Nc6 7. O-O Qd7 8.
b3 O-O-O 9. Bb2 Rhg8 10. Na3 Qe7 11. Nc2 g5 12. Ne5 Nxe5 13. Bxe5 Ne4 14. d3
Nc3 15. Bxc3 f5 16. b4 Bd6 17. c5 Bxh2+ 18. Kxh2 g4 19. Rh1 g3+ 20. Kg1 gxf2+
21. Kxf2 Qg5 22. Bf3 Qg3+ 23. Kf1 Bc4 24. Ne1 Rge8 25. Bxb7+ Kb8 26. Qf3 Rxe1+
27. Rxe1 Bxd3+ 28. Re2 Bxe2+ 29. Kxe2 Qxf3+ 30. gxf3 Kxb7 31. Rxh7 Rf8 32. Be5
Re8 33. Rxc7+ Ka6 34. f4 Kb5 35. a3 Ra8 36. Rb7+ Kc6 37. Rb8 1-0

[Event "Open de Provence 2015 B"]
[Site "Salon de Provence"]
[Date "2015.07.04"]
[Round "8.5"]
[White "Frailinu, Jean-Bernard"]
[Black "Nguyen, Patrick"]
[Result "1/2-1/2"]
[WhiteElo "1495"]
[BlackElo "1654"]
[PlyCount "101"]
[EventDate "2015.??.??"]

1. c4 c6 2. Nc3 d5 3. cxd5 cxd5 4. d4 Nf6 5. Nf3 Nc6 6. Bf4 a6 7. e3 Bg4 8. h3
Bh5 9. Be2 e6 10. O-O Bd6 11. Ne5 Bxe2 12. Nxe2 O-O 13. Rc1 Bxe5 14. Bxe5 Nxe5
15. dxe5 Nd7 16. Qd4 Rc8 17. Rc3 Qb6 18. Qxb6 Nxb6 19. Rb3 Nc4 20. Rxb7 Rb8 21.
Rxb8 Rxb8 22. b3 Nxe5 23. Rc1 Kf8 24. Nd4 Rb6 25. Kf1 g5 26. Ke2 Kg7 27. Rc7
Kf6 28. a4 Ng6 29. a5 Rd6 30. Rc6 Ke7 31. Rc7+ Ke8 32. Nc6 e5 33. Nb4 Ne7 34.
Ra7 Kd8 35. Rxa6 Rxa6 36. Nxa6 Kc8 37. Kd2 Kb7 38. Nc5+ Kc6 39. b4 Kb5 40. a6
Nc6 41. Kc3 d4+ 42. Kb3 dxe3 43. fxe3 f5 44. Kc3 f4 45. e4 h5 46. Ne6 g4 47.
hxg4 hxg4 48. Ng5 Na7 49. Kb3 Nc6 50. Kc3 Na7 51. Kb3 1/2-1/2

[Event "Open de Provence 2015 B"]
[Site "Salon de Provence"]
[Date "2015.07.04"]
[Round "8.6"]
[White "Guyard, Gerard"]
[Black "Faillat, Alois"]
[Result "1-0"]
[WhiteElo "1442"]
[BlackElo "1430"]
[PlyCount "53"]
[EventDate "2015.??.??"]

1. d4 d5 2. c4 e6 3. e3 Be7 4. Nc3 Nf6 5. Nf3 Nbd7 6. Bd3 b6 7. O-O O-O 8. cxd5
exd5 9. a3 Bb7 10. b4 a6 11. Re1 Ne4 12. Bb2 Ndf6 13. Ne5 Bd6 14. Nxe4 Nxe4 15.
Nf3 Qe7 16. Qc2 f5 17. Qb3 Kh8 18. Rac1 Qf7 19. Qc2 g6 20. Ne5 Bxe5 21. dxe5
Kg8 22. Qxc7 Qxc7 23. Rxc7 Rab8 24. e6 Rfe8 25. Rg7+ Kf8 26. Rxh7 Rxe6 27. Rh8+
1-0

[Event "Open de Provence 2015 B"]
[Site "Salon de Provence"]
[Date "2015.07.04"]
[Round "8.7"]
[White "Konate, Salma"]
[Black "Malsan, Raynal"]
[Result "1-0"]
[WhiteElo "1373"]
[BlackElo "1484"]
[PlyCount "75"]
[EventDate "2015.??.??"]

1. e4 c5 2. Nf3 d6 3. d4 cxd4 4. Nxd4 Nf6 5. Nc3 a6 6. Bc4 e6 7. O-O Be7 8. Qf3
Qc7 9. Bb3 Nc6 10. Nxc6 bxc6 11. Qg3 O-O 12. Bh6 Ne8 13. f4 Kh8 14. Bg5 f6 15.
Bh4 e5 16. f5 Bb7 17. Rad1 Rd8 18. Qf3 d5 19. exd5 Nd6 20. dxc6 e4 21. Qe2 Bxc6
22. Qxa6 Bb5 23. Nxb5 Qc5+ 24. Nd4 e3 25. Qe2 Ne4 26. Qxe3 Rxd4 27. Qxd4 Qxd4+
28. Rxd4 Bc5 29. c3 Rd8 30. Rfd1 g5 31. fxg6 hxg6 32. Kf1 Bxd4 33. Rxd4 Re8 34.
Bf7 Re5 35. Bxg6 f5 36. g4 Kg7 37. Bxf5 Nf6 38. Bxf6+ 1-0

[Event "Open de Provence 2015 B"]
[Site "Salon de Provence"]
[Date "2015.07.04"]
[Round "8.8"]
[White "Oziol, Joris"]
[Black "Bouriel, Michel"]
[Result "1-0"]
[WhiteElo "1666"]
[BlackElo "1497"]
[PlyCount "110"]
[EventDate "2015.??.??"]

1. d4 Nf6 2. Nf3 g6 3. Bf4 Bg7 4. e3 O-O 5. h3 a6 6. Nbd2 d6 7. Be2 Nbd7 8. c3
b5 9. O-O Bb7 10. a4 c6 11. a5 Rc8 12. e4 c5 13. d5 c4 14. Nd4 Nc5 15. f3 Na4
16. Nxc4 Nxc3 17. bxc3 bxc4 18. Qa4 Qc7 19. Nc2 Nh5 20. Bd2 Ng3 21. Rfe1 f5 22.
Bd1 fxe4 23. fxe4 e6 24. Bf3 exd5 25. exd5 Nf5 26. Qa3 Qf7 27. Nb4 Nh4 28. Rf1
Nf5 29. Rae1 Ng3 30. Rf2 Be5 31. Qc1 Nf5 32. Bf4 Rce8 33. Rfe2 Qf6 34. Bxe5
dxe5 35. Re4 Nh4 36. Qe3 Nxf3+ 37. gxf3 Qxf3 38. Qxf3 Rxf3 39. Rxe5 Ref8 40.
R5e3 Rf2 41. Re7 Bc8 42. Re8 Bxh3 43. Nxa6 Rg2+ 44. Kh1 Kg7 45. Rxf8 Kxf8 46.
Re3 Rd2 47. Rxh3 Rd1+ 48. Kg2 Rd2+ 49. Kf1 h5 50. Nb4 Rd1+ 51. Ke2 Ra1 52. a6
Ra5 53. Re3 Rc5 54. d6 Rc8 55. d7 Ra8 1-0

[Event "Open de Provence 2015 B"]
[Site "Salon de Provence"]
[Date "2015.07.04"]
[Round "8.9"]
[White "Bohli, Adam"]
[Black "Philippe, Alexis"]
[Result "0-1"]
[WhiteElo "1428"]
[BlackElo "1268"]
[PlyCount "72"]
[EventDate "2015.??.??"]

1. Nf3 Nf6 2. d4 g6 3. c4 d5 4. Nc3 Bg7 5. Bg5 O-O 6. Bxf6 Bxf6 7. Nxd5 Bg7 8.
e3 c5 9. Qd3 Nc6 10. O-O-O cxd4 11. Nxd4 Nxd4 12. exd4 Bh6+ 13. Ne3 Qa5 14. Kb1
Re8 15. h4 Bg7 16. Qe4 e5 17. d5 Qb6 18. h5 f5 19. c5 Qxc5 20. Qh4 Re7 21. hxg6
hxg6 22. Qh7+ Kf7 23. Rh6 Qb6 24. Nc4 Qf6 25. d6 Re8 26. Nxe5+ Qxe5 27. Qxg6+
Kf8 28. Rh8+ Bxh8 29. Qh6+ Bg7 30. Qd2 Bd7 31. Qb4 Qe4+ 32. Qxe4 fxe4 33. g3
Red8 34. Bg2 Bf5 35. d7 e3+ 36. Ka1 exf2 0-1

[Event "Open de Provence 2015 B"]
[Site "Salon de Provence"]
[Date "2015.07.04"]
[Round "8.10"]
[White "Bartolomei, Romain"]
[Black "Boghossian, Hugo"]
[Result "1/2-1/2"]
[WhiteElo "1289"]
[BlackElo "1398"]
[PlyCount "53"]
[EventDate "2015.??.??"]

1. e4 e5 2. Nf3 Nf6 3. Nc3 Nc6 4. Bc4 Bb4 5. Nd5 Nxe4 6. Qe2 f5 7. Nxb4 Nxb4 8.
d3 Nf6 9. c3 Nc6 10. Nxe5 Qe7 11. Nxc6 Qxe2+ 12. Kxe2 bxc6 13. Re1 d5 14. Kf1+
Kd7 15. Bb3 Ba6 16. c4 h6 17. Be3 Ng4 18. Bc5 Rhe8 19. Bd4 g6 20. h3 c5 21.
hxg4 cxd4 22. gxf5 gxf5 23. Rad1 Kd6 24. cxd5 Rxe1+ 25. Kxe1 Bb7 26. Rc1 Rc8
27. Kd2 1/2-1/2

[Event "Open de Provence 2015 B"]
[Site "Salon de Provence"]
[Date "2015.07.04"]
[Round "8.11"]
[White "Monteiro, Georges"]
[Black "Aicardo, Hadrien"]
[Result "1/2-1/2"]
[WhiteElo "1450"]
[BlackElo "1200"]
[PlyCount "47"]
[EventDate "2015.??.??"]

1. e4 e5 2. Nf3 Nc6 3. Bc4 Bc5 4. O-O Nge7 5. Nxe5 Nxe5 6. d4 Nxc4 7. dxc5 Ne5
8. f4 N5c6 9. b3 O-O 10. Bb2 d6 11. f5 f6 12. Nc3 dxc5 13. Qh5 Qe8 14. Qe2 Nd4
15. Qc4+ Qf7 16. Qxc5 Ndc6 17. Nb5 b6 18. Qc3 Ba6 19. Nxc7 Bxf1 20. Nxa8 Bxg2
21. Kxg2 Rxa8 22. Ba3 Rd8 23. Bxe7 Nxe7 24. Qc7 1/2-1/2

[Event "Open de Provence 2015 B"]
[Site "Salon de Provence"]
[Date "2015.07.04"]
[Round "8.12"]
[White "Ulloa, Philippe"]
[Black "Pietrac, Christian"]
[Result "1-0"]
[WhiteElo "1341"]
[BlackElo "1203"]
[PlyCount "75"]
[EventDate "2015.??.??"]

1. d4 Nf6 2. c4 g6 3. Nc3 Bg7 4. e4 d6 5. h3 c6 6. Nf3 O-O 7. Bd3 Nbd7 8. O-O
e5 9. d5 Nc5 10. Bc2 cxd5 11. exd5 a6 12. b4 e4 13. Ng5 Ne8 14. bxc5 Bxc3 15.
Rb1 f5 16. Ne6 Bxe6 17. dxe6 Kh8 18. Rxb7 Nc7 19. cxd6 Nxe6 20. Qd5 Nd4 21. Ba4
Ne2+ 22. Kh1 Nxc1 23. Rxc1 Bg7 24. Rcb1 Qf6 25. c5 Qe5 26. Qxe5 Bxe5 27. Rd1
Bf6 28. c6 Kg8 29. c7 Bd8 30. Rb8 Bxc7 31. Rxf8+ Kxf8 32. dxc7 Ke7 33. Rd7+ Ke6
34. Rd8 Ra7 35. c8=Q+ Kf6 36. Rf8+ Kg5 37. Qc1+ f4 38. Qxf4+ 1-0

[Event "Open de Provence 2015 B"]
[Site "Salon de Provence"]
[Date "2015.07.04"]
[Round "8.13"]
[White "Maccagno, Gilbert"]
[Black "Misene, Milan"]
[Result "1/2-1/2"]
[WhiteElo "1366"]
[BlackElo "1417"]
[PlyCount "65"]
[EventDate "2015.??.??"]

1. d4 Nf6 2. c4 g6 3. Nc3 d5 4. cxd5 Nxd5 5. e4 Nxc3 6. bxc3 c5 7. Be3 Bg7 8.
Bb5+ Bd7 9. Bxd7+ Qxd7 10. Nf3 O-O 11. O-O Nc6 12. Qa4 Rfd8 13. Rad1 cxd4 14.
cxd4 Qc7 15. g3 Rab8 16. Qc4 b5 17. Qc5 Rb7 18. Kg2 Na5 19. Qb4 Nc6 20. Qb1 e6
21. d5 exd5 22. exd5 Ne5 23. Nxe5 Qxe5 24. Bf4 Qe8 25. Rfe1 Qd7 26. d6 Qc6+ 27.
Kg1 Rdd7 28. Re7 Bf8 29. Rxd7 Rxd7 30. Qb3 Bxd6 31. Bxd6 Rxd6 32. Rxd6 Qxd6 33.
Qxb5 1/2-1/2

[Event "Open de Provence 2015 B"]
[Site "Salon de Provence"]
[Date "2015.07.04"]
[Round "8.14"]
[White "Borrini, Rodrigue"]
[Black "Favarel-Lubeigt, Helina"]
[Result "0-1"]
[WhiteElo "1110"]
[BlackElo "1296"]
[PlyCount "46"]
[EventDate "2015.??.??"]

1. e4 c6 2. c4 Nf6 3. Nc3 d5 4. cxd5 cxd5 5. Nf3 dxe4 6. Nxe4 Nc6 7. Nxf6+ exf6
8. Bb5 Bd7 9. d4 Qa5+ 10. Bd2 Qxb5 11. Bc3 Bb4 12. Rb1 O-O 13. Qd2 Bxc3 14.
Qxc3 Rfe8+ 15. Kd2 Qe2+ 16. Kc1 Rac8 17. Re1 Nxd4 18. Rxe2 Nxe2+ 19. Kd1 Nxc3+
20. bxc3 b6 21. Rc1 Bg4 22. c4 Bxf3+ 23. gxf3 Rcd8+ 0-1

[Event "Open de Provence 2015 B"]
[Site "Salon de Provence"]
[Date "2015.07.04"]
[Round "8.15"]
[White "Person, Claude"]
[Black "Boghossian, Lucie"]
[Result "0-1"]
[WhiteElo "1227"]
[BlackElo "1100"]
[PlyCount "30"]
[EventDate "2015.??.??"]

1. Nf3 d5 2. e3 c6 3. d4 e6 4. Be2 f5 5. c3 Nf6 6. Nbd2 Bd6 7. Ne5 O-O 8. O-O
Bd7 9. f4 Be8 10. Bf3 Nbd7 11. Kh1 Nxe5 12. fxe5 Bc7 13. exf6 Qxf6 14. Rf2 Qh4
15. Qf1 Qxh2# 0-1

[Event "Open de Provence 2015 B"]
[Site "Salon de Provence"]
[Date "2015.07.04"]
[Round "8.16"]
[White "Salvi, Angele"]
[Black "Mars, Florence"]
[Result "1/2-1/2"]
[WhiteElo "1064"]
[BlackElo "1062"]
[PlyCount "82"]
[EventDate "2015.??.??"]

1. e4 c5 2. Nf3 Nc6 3. d4 cxd4 4. Nxd4 d6 5. Be3 Nf6 6. f3 e5 7. Nb3 d5 8. exd5
Nxd5 9. Bd2 Be7 10. g3 O-O 11. c4 Nb6 12. Nc3 Be6 13. c5 Nd5 14. Qc2 Ndb4 15.
Qc1 Nd3+ 16. Bxd3 Qxd3 17. Qd1 Rfd8 18. Ne4 Bxb3 19. axb3 Nd4 20. Kf2 Nxf3 21.
Qxf3 Qxf3+ 22. Kxf3 Rd3+ 23. Kg2 f5 24. Bg5 Bxg5 25. Nxg5 Rxb3 26. Rhb1 h6 27.
Ne6 g5 28. Ra3 Rb4 29. b3 Kf7 30. Nc7 Rd8 31. Rb2 e4 32. Rf2 Kf6 33. Kh3 Rd3
34. Ne8+ Ke5 35. Nd6 e3 36. Rxf5+ Ke6 37. Rf1 e2 38. Re1 Re3 39. Nc4 Rxc4 40.
bxc4 Rxa3 41. Rxe2+ Kf5 1/2-1/2

[Event "Open de Provence 2015 B"]
[Site "Salon de Provence"]
[Date "2015.07.04"]
[Round "9.1"]
[White "Mars, Fiona"]
[Black "Courtois, Jean-Baptiste"]
[Result "1/2-1/2"]
[WhiteElo "1611"]
[BlackElo "1690"]
[PlyCount "40"]
[EventDate "2015.??.??"]

1. e4 e5 2. Nf3 d6 3. d4 Nd7 4. Bc4 Ngf6 5. Ng5 d5 6. exd5 exd4 7. d6 Ne5 8.
Qe2 Bxd6 9. Bf4 Qe7 10. Bxe5 Qxe5 11. Qxe5+ Bxe5 12. Nxf7 b5 13. Bb3 Bf4 14.
Nxh8 c5 15. c4 b4 16. a3 Kf8 17. axb4 Bf5 18. bxc5 Re8+ 19. Kd1 Ne4 20. Rf1
Nxc5 1/2-1/2

[Event "Open de Provence 2015 B"]
[Site "Salon de Provence"]
[Date "2015.07.04"]
[Round "9.2"]
[White "Montanelli, Tristan"]
[Black "Mautret-Godard, Titouan"]
[Result "1-0"]
[WhiteElo "1694"]
[BlackElo "1462"]
[PlyCount "41"]
[EventDate "2015.??.??"]

1. Nf3 Nf6 2. c4 c6 3. Nc3 e6 4. a3 d5 5. e3 Nbd7 6. Qc2 Nc5 7. cxd5 exd5 8. d3
Be7 9. b4 Ne6 10. Bb2 c5 11. Be2 Qb6 12. Na4 Qc7 13. bxc5 Bxc5 14. Rc1 Qa5+ 15.
Bc3 Qd8 16. Bxf6 Qxf6 17. Nxc5 Nxc5 18. Qxc5 Bg4 19. O-O Rc8 20. Qb5+ Bd7 21.
Rxc8+ 1-0

[Event "Open de Provence 2015 B"]
[Site "Salon de Provence"]
[Date "2015.07.04"]
[Round "9.3"]
[White "Graells, Christian"]
[Black "Noireaut, Hoan"]
[Result "0-1"]
[WhiteElo "1491"]
[BlackElo "1667"]
[PlyCount "84"]
[EventDate "2015.??.??"]

1. e4 d6 2. d4 Nf6 3. Nc3 g6 4. Nf3 Bg7 5. h3 O-O 6. Bd3 c6 7. Be3 Qc7 8. Qd2
a6 9. a4 b6 10. Bh6 Bb7 11. Bxg7 Kxg7 12. O-O Nbd7 13. Ne2 c5 14. Ng3 c4 15.
Qc3 Rac8 16. Be2 Nxe4 17. Nxe4 Bxe4 18. d5+ Nf6 19. Rad1 Kg8 20. Ng5 Bxd5 21.
Rd4 Qc6 22. Qg3 h6 23. Nf3 Qxa4 24. Nh4 Kh7 25. b3 Qa2 26. bxc4 Bxc4 27. Rxc4
Rxc4 28. Bd3 Rg8 29. Re1 Rc7 30. Qf3 Qd5 31. Be4 Nxe4 32. Rxe4 Rxc2 33. Qe3 Qc5
34. Rxe7 Qxe3 35. fxe3 Kg7 36. Nf3 Kf6 37. Re4 g5 38. g4 Rgc8 39. Kf1 R2c4 40.
Rxc4 Rxc4 41. Nd4 Rxd4 42. exd4 Ke6 0-1

[Event "Open de Provence 2015 B"]
[Site "Salon de Provence"]
[Date "2015.07.04"]
[Round "9.4"]
[White "Frailinu, Jean-Bernard"]
[Black "Mars, Theo"]
[Result "0-1"]
[WhiteElo "1495"]
[BlackElo "1634"]
[PlyCount "64"]
[EventDate "2015.??.??"]

1. c4 e6 2. Nc3 Nf6 3. g3 d5 4. cxd5 exd5 5. d4 c6 6. Bg2 Bf5 7. Nf3 Bd6 8. Nh4
Bg6 9. f4 Be4 10. Nxe4 Nxe4 11. Nf5 Bb4+ 12. Kf1 g6 13. Bxe4 dxe4 14. Nh4 f5
15. a3 Be7 16. Ng2 Nd7 17. Bd2 Qb6 18. Bc3 Bf6 19. Ne3 O-O-O 20. Nc4 Qc7 21. e3
Nb6 22. Nxb6+ Qxb6 23. Qc2 Rd5 24. Kf2 Kd7 25. Rad1 Ke6 26. Qe2 h5 27. h4 Rhd8
28. Qc4 c5 29. Ke2 cxd4 30. Bxd4 Bxd4 31. Rxd4 Qxb2+ 32. Rd2 Qxd2+ 0-1

[Event "Open de Provence 2015 B"]
[Site "Salon de Provence"]
[Date "2015.07.04"]
[Round "9.5"]
[White "Konate, Salma"]
[Black "Guyard, Gerard"]
[Result "1-0"]
[WhiteElo "1373"]
[BlackElo "1442"]
[PlyCount "91"]
[EventDate "2015.??.??"]

1. e4 d6 2. d4 Nf6 3. Nc3 g6 4. Bc4 Bg7 5. Nf3 O-O 6. Bf4 e6 7. O-O b6 8. Qe2
d5 9. Bb3 Ba6 10. Qe3 Bxf1 11. Rxf1 c6 12. e5 Ne8 13. Bg5 Qc8 14. Re1 Nd7 15.
h4 c5 16. Be7 cxd4 17. Qxd4 Nc5 18. Bxf8 Nxb3 19. cxb3 Kxf8 20. Ng5 Kg8 21. Qf4
Qd7 22. Re3 Nc7 23. Rf3 Rf8 24. Qd4 Ne8 25. Nge4 Qc7 26. Nf6+ Kh8 27. Nb5 Qb8
28. Nd7 Qb7 29. Nxf8 Bxf8 30. Qf4 Kg8 31. Nd4 Ng7 32. g4 h5 33. gxh5 Nxh5 34.
Qg5 Be7 35. Qg4 Qb8 36. Nc6 Qc7 37. Nxe7+ Qxe7 38. Qg5 Qb7 39. Qd2 Kg7 40. Qb4
Qc7 41. Qd6 Qb7 42. Rc3 Nf4 43. Rc7 Qa6 44. Qe7 Kh6 45. Qg5+ Kg7 46. Qxf4 1-0

[Event "Open de Provence 2015 B"]
[Site "Salon de Provence"]
[Date "2015.07.04"]
[Round "9.6"]
[White "Nguyen, Patrick"]
[Black "Oziol, Joris"]
[Result "1-0"]
[WhiteElo "1654"]
[BlackElo "1666"]
[PlyCount "97"]
[EventDate "2015.??.??"]

1. e4 d6 2. d4 g6 3. Nc3 Bg7 4. h3 Nf6 5. Nf3 O-O 6. Be2 c6 7. a4 Nbd7 8. O-O
c5 9. d5 a6 10. a5 b5 11. axb6 Bb7 12. Re1 Nxb6 13. Nd2 e6 14. Nc4 exd5 15.
Nxb6 Qxb6 16. exd5 Nd7 17. Ra3 Qc7 18. Be3 f5 19. Qd2 Nf6 20. Rea1 Qc8 21. Bc4
Nd7 22. R1a2 Ne5 23. b3 Nxc4 24. bxc4 Re8 25. Bf4 Qd7 26. Rb3 Be5 27. Bxe5 Rxe5
28. Rab2 Ra7 29. f4 Re7 30. Rb6 Bc8 31. Qf2 Rb7 32. Qh4 Qe8 33. Kh2 Qf7 34.
Rxb7 Bxb7 35. Rb6 Rd7 36. Qe1 Re7 37. Qb1 Rd7 38. Ne2 Qe7 39. Ng1 Kg7 40. Nf3
h6 41. Qb2+ Qf6 42. Rxb7 Qxb2 43. Rxb2 Re7 44. Rb6 Re4 45. Rxd6 Rxc4 46. Rxg6+
Kxg6 47. Ne5+ Kf6 48. Nxc4 Kf7 49. Na5 1-0

[Event "Open de Provence 2015 B"]
[Site "Salon de Provence"]
[Date "2015.07.04"]
[Round "9.7"]
[White "Amoros, Jean"]
[Black "Philippe, Alexis"]
[Result "1-0"]
[WhiteElo "1437"]
[BlackElo "1268"]
[PlyCount "51"]
[EventDate "2015.??.??"]

1. e4 c5 2. d4 cxd4 3. c3 Nc6 4. cxd4 Nf6 5. e5 Nd5 6. Bc4 Nc7 7. Nf3 b5 8.
Bxf7+ Kxf7 9. Ng5+ Kg8 10. d5 Nxe5 11. d6 exd6 12. Nc3 Be7 13. Nxb5 Ne6 14. Ne4
Qa5+ 15. Nbc3 Bb7 16. O-O Bxe4 17. Nxe4 Qc7 18. f4 Qb6+ 19. Kh1 Nc4 20. f5 Nc5
21. Qd5+ Kf8 22. Qxa8+ Bd8 23. Nxc5 dxc5 24. Bg5 h6 25. Bxd8 Qb5 26. Bh4+ 1-0

[Event "Open de Provence 2015 B"]
[Site "Salon de Provence"]
[Date "2015.07.04"]
[Round "9.8"]
[White "Faillat, Alois"]
[Black "Bartolomei, Romain"]
[Result "1/2-1/2"]
[WhiteElo "1430"]
[BlackElo "1289"]
[PlyCount "144"]
[EventDate "2015.??.??"]

1. e4 c5 2. Nf3 Nc6 3. Nc3 d6 4. d3 g6 5. h3 Bg7 6. Bd2 Nf6 7. a3 Bd7 8. Rb1
O-O 9. Be3 e6 10. d4 cxd4 11. Nxd4 d5 12. exd5 Nxd5 13. Nxd5 exd5 14. c3 Re8
15. Be2 Qh4 16. Kf1 a6 17. Bf3 Rad8 18. Qd2 Nxd4 19. cxd4 Bb5+ 20. Kg1 Qe7 21.
Rc1 Rc8 22. Rxc8 Rxc8 23. Bxd5 Bc6 24. Bxc6 Rxc6 25. d5 Rc8 26. g3 Qe5 27. Kg2
Rd8 28. Rd1 Qxb2 29. Qxb2 Bxb2 30. d6 Rd7 31. Bc5 Bf6 32. Re1 Kf8 33. Kf3 Bd8
34. Kf4 b6 35. Ke5 bxc5 36. Kd5 Bc7 37. Kc6 Rxd6+ 38. Kxc7 Rd3 39. a4 Ra3 40.
Re4 Rb3 41. Rc4 Rb4 42. Rxc5 Rxa4 43. Kb6 Ra2 44. f4 Ra3 45. Rg5 f6 46. Rg4 Ra4
47. h4 h5 48. Rxg6 Ra1 49. Rxf6+ Kg7 50. Rf5 Kg6 51. Rg5+ Kh6 52. f5 a5 53. Kb5
a4 54. Kb4 a3 55. Kb3 a2 56. Kb2 Rb1+ 57. Kxa2 Rb6 58. Rg8 Kh7 59. Rg5 Kh6 60.
g4 hxg4 61. Rxg4 Kh5 62. Rf4 Rb7 63. Ka3 Kh6 64. Ka4 Kg7 65. Ka5 Kf6 66. Rg4
Kxf5 67. Rg5+ Kf6 68. Rc5 Kg6 69. h5+ Kh6 70. Ka6 Rg7 71. Rc1 Rg5 72. Rc6+ Kxh5
1/2-1/2

[Event "Open de Provence 2015 B"]
[Site "Salon de Provence"]
[Date "2015.07.04"]
[Round "9.9"]
[White "Boghossian, Hugo"]
[Black "Ulloa, Philippe"]
[Result "0-1"]
[WhiteElo "1398"]
[BlackElo "1341"]
[PlyCount "70"]
[EventDate "2015.??.??"]

1. e4 e5 2. Nf3 d6 3. d4 exd4 4. Nxd4 c5 5. Nf3 h6 6. Nc3 Be6 7. Bb5+ Nd7 8.
Bf4 a6 9. Bxd7+ Qxd7 10. Nd5 Bxd5 11. exd5 Nf6 12. O-O b5 13. Re1+ Be7 14. b3
O-O 15. c4 Rfe8 16. Qd3 b4 17. h3 Nh5 18. Bh2 Bf6 19. Rad1 Bc3 20. Nd2 Nf6 21.
Bf4 Re7 22. Kf1 Rae8 23. Qg3 Ne4 24. Rxe4 Bxd2 25. Rxe7 Qxe7 26. Bxd2 Qe2+ 27.
Kg1 Qxd1+ 28. Kh2 Qxd2 29. Qxd6 Qxf2 30. Qg3 Qxg3+ 31. Kxg3 Re4 32. Kf3 f5 33.
g4 g6 34. gxf5 gxf5 35. d6 Kf7 0-1

[Event "Open de Provence 2015 B"]
[Site "Salon de Provence"]
[Date "2015.07.04"]
[Round "9.10"]
[White "Aicardo, Hadrien"]
[Black "Bouriel, Michel"]
[Result "0-1"]
[WhiteElo "1200"]
[BlackElo "1497"]
[PlyCount "72"]
[EventDate "2015.??.??"]

1. d4 Nf6 2. c4 d6 3. Nf3 g6 4. g3 Bg7 5. Bg2 O-O 6. Nbd2 Nc6 7. e4 Bg4 8. d5
Ne5 9. b3 Nd3+ 10. Ke2 Nc5 11. Qc2 Nfxe4 12. Bb2 Nf6 13. Rhe1 Bf5 14. Qc3 Nd3
15. Kf1 Nxb2 16. Qxb2 Ng4 17. Qc1 Bxa1 18. Qxa1 c6 19. dxc6 Qb6 20. Re2 Bd3 21.
Qd4 Bxe2+ 22. Kxe2 Qxd4 23. Nxd4 bxc6 24. Nxc6 Rfe8 25. Nf3 Kg7 26. a4 e5 27.
h3 Nf6 28. Nd2 e4 29. Ke3 d5 30. cxd5 Nxd5+ 31. Kd4 e3 32. fxe3 Nxe3 33. Be4
Nf5+ 34. Bxf5 gxf5 35. Kc5 Rac8 36. Kd6 Re6+ 0-1

[Event "Open de Provence 2015 B"]
[Site "Salon de Provence"]
[Date "2015.07.04"]
[Round "9.12"]
[White "Misene, Milan"]
[Black "Bohli, Adam"]
[Result "0-1"]
[WhiteElo "1417"]
[BlackElo "1428"]
[PlyCount "78"]
[EventDate "2015.??.??"]

1. e4 d5 2. exd5 Nf6 3. d4 Nxd5 4. h3 Nc6 5. Nf3 Ndb4 6. a3 Nd5 7. c4 Nb6 8.
Bg5 g6 9. Nc3 Bg7 10. Be3 e6 11. Be2 Bd7 12. O-O Qe7 13. d5 exd5 14. cxd5 Ne5
15. Nxe5 Bxe5 16. Bd4 Bxd4 17. Qxd4 O-O-O 18. Rfe1 Qg5 19. Bg4 Bxg4 20. Qxg4+
Qxg4 21. hxg4 Nxd5 22. Nxd5 Rxd5 23. Rad1 Rhd8 24. Rxd5 Rxd5 25. Kf1 Kd7 26.
Re2 Rd1+ 27. Re1 Rxe1+ 28. Kxe1 Kd6 29. Ke2 Kd5 30. Kd3 c5 31. b3 b5 32. Kc3 a5
33. b4 axb4+ 34. axb4 c4 35. f3 Ke5 36. g3 f5 37. gxf5 Kxf5 38. Kd4 g5 39. Ke3
h5 0-1

[Event "Open de Provence 2015 B"]
[Site "Salon de Provence"]
[Date "2015.07.04"]
[Round "9.13"]
[White "Pietrac, Christian"]
[Black "Maccagno, Gilbert"]
[Result "1-0"]
[WhiteElo "1203"]
[BlackElo "1366"]
[PlyCount "87"]
[EventDate "2015.??.??"]

1. Nf3 Nf6 2. d3 d6 3. g3 c6 4. Bg2 Nbd7 5. Nbd2 g6 6. b3 Bg7 7. Bb2 O-O 8. O-O
e5 9. Re1 Qc7 10. e4 Nb6 11. a4 a5 12. h3 h6 13. Rf1 Be6 14. Nh2 Qd7 15. h4 Ng4
16. Nxg4 Bxg4 17. f3 Bh3 18. Kh2 Bxg2 19. Kxg2 c5 20. Rh1 Qe6 21. Qg1 Nd7 22.
Nc4 b6 23. Ne3 Nf6 24. c4 Rab8 25. Kf2 Rb7 26. g4 Nh7 27. Ra2 g5 28. Nf5 Qf6
29. Bc1 Rd7 30. Nxg7 Qxg7 31. hxg5 Nxg5 32. Ke3 f6 33. Rah2 Nf7 34. Ke2 Ng5 35.
Rxh6 Kf7 36. f4 exf4 37. Bxf4 Ke6 38. Qg2 Re7 39. e5 Kd7 40. Qb7+ Ke6 41. Qd5+
Kd7 42. Qxd6+ Ke8 43. Qc6+ Kf7 44. Rxf6+ 1-0

[Event "Open de Provence 2015 B"]
[Site "Salon de Provence"]
[Date "2015.07.04"]
[Round "9.14"]
[White "Favarel-Lubeigt, Helina"]
[Black "Boghossian, Lucie"]
[Result "1-0"]
[WhiteElo "1296"]
[BlackElo "1100"]
[PlyCount "117"]
[EventDate "2015.??.??"]

1. d4 d5 2. Bf4 e6 3. e3 c6 4. Bd3 f5 5. Nf3 Nf6 6. Nbd2 Bd6 7. Bg3 O-O 8. Ne5
Bd7 9. Ndf3 Be8 10. c4 Nbd7 11. Nxd7 Bb4+ 12. Nd2 Bxd7 13. O-O Be8 14. Nf3 b5
15. cxb5 cxb5 16. Qb3 a5 17. a3 a4 18. Qxb4 Nh5 19. Bd6 Rf6 20. Be7 Qa5 21.
Qxa5 Rxa5 22. Bxf6 Nxf6 23. Rac1 Ra8 24. Rc7 Nd7 25. Rfc1 Nb6 26. Rb7 Nc8 27.
Bxb5 Nd6 28. Rb6 Nxb5 29. Rxe6 Bf7 30. Rb6 Rd8 31. Rxb5 Be8 32. Rb7 Rd7 33.
Rxd7 Bxd7 34. Rc7 Be8 35. Rc8 Kf7 36. Ne5+ Ke7 37. Rc7+ Kd8 38. Rxg7 h6 39. Rg8
h5 40. Kf1 Ke7 41. Rg7+ Kf6 42. Ra7 Bb5+ 43. Ke1 Bc4 44. Nxc4 dxc4 45. Rxa4 Kg5
46. Rxc4 f4 47. exf4+ Kxf4 48. a4 Kg4 49. a5 h4 50. h3+ Kf4 51. a6 Ke4 52. a7
Kd3 53. Rc3+ Kxd4 54. a8=Q Ke5 55. Qa5+ Ke4 56. Qb4+ Ke5 57. Rc5+ Kd6 58. Qb6+
Ke7 59. Rc7+ 1-0

[Event "Open de Provence 2015 B"]
[Site "Salon de Provence"]
[Date "2015.07.04"]
[Round "9.15"]
[White "Mars, Florence"]
[Black "Person, Claude"]
[Result "0-1"]
[WhiteElo "1062"]
[BlackElo "1227"]
[PlyCount "76"]
[EventDate "2015.??.??"]

1. e4 e5 2. Nf3 Nc6 3. d4 d6 4. d5 Nce7 5. Bb5+ Bd7 6. Bxd7+ Qxd7 7. Nc3 Ng6 8.
O-O Be7 9. Be3 h6 10. Qd2 a6 11. a4 Qd8 12. Ne2 Nh4 13. Nxh4 Bxh4 14. Ng3 Bxg3
15. hxg3 Nf6 16. f3 Nh7 17. f4 exf4 18. Qf2 O-O 19. gxf4 Qe7 20. Qf3 Nf6 21.
Bd4 Qxe4 22. Bxf6 Qxf3 23. Rxf3 gxf6 24. Rg3+ Kh7 25. Re1 Rae8 26. Kf2 Rxe1 27.
Kxe1 Re8+ 28. Kf2 Re4 29. Rc3 Rxf4+ 30. Kg3 Rxa4 31. Rxc7 Rb4 32. Rxf7+ Kg6 33.
Rd7 Rxb2 34. Rxd6 a5 35. c4 a4 36. c5 a3 37. c6 bxc6 38. dxc6 Kf5 0-1